Name All Better Call Saul Episodes (Up to Season 5) - Statistics

General Stats
  • This quiz has been taken 241 times
  • The average score is 20 of 50
Answer Stats
Hint Answer % Correct
S1E01 Uno
81%
S3E05 Chicanery
70%
S1E03 Nacho
69%
S5E08 Bagman
67%
S3E10 Lantern
60%
S1E10 Marco
60%
S1E02 Mijo
59%
S1E06 Five-O
58%
S1E05 Alpine Shepherd Boy
57%
S5E09 Bad Choice Road
56%
S4E10 Winner
56%
S5E10 Something Unforgivable
55%
S5E06 Wexler V Goodman
54%
S5E07 JMM
52%
S5E01 Magic Man
49%
S4E07 Something Stupid
49%
S1E09 Pimento
47%
S1E04 Hero
44%
S5E02 50% Off
41%
S4E03 Something Beautiful
41%
S3E08 Slip
40%
S4E01 Smoke
40%
S1E07 Bingo
37%
S2E10 Klick
37%
S3E09 Fall
36%
S2E05 Rebecca
36%
S5E03 The Guy For This
35%
S4E08 Coushatta
34%
S1E08 RICO
34%
S2E01 Switch
34%
S2E08 Fifi
33%
S5E04 Namaste
33%
S4E09 Wiedersehen
33%
S2E03 Amarillo
30%
S2E02 Cobbler
30%
S2E04 Gloves Off
30%
S2E06 Bali Hai
29%
S4E06 Pinata
29%
S3E02 Witness
28%
S4E02 Breathe
27%
S5E05 Dedicado A Max
27%
S3E01 Mabel
24%
S4E05 Quite A Ride
24%
S2E07 Inflatable
23%
S2E09 Nailed
23%
S3E04 Sabrosito
23%
S3E07 Expenses
21%
S4E04 Talk
20%
S3E03 Sunk Costs
19%
S3E06 Off Brand
17%
No matching quizzes found
Score Distribution
Percent of People with Each Score
Percentile by Number Answered
Your Score History
You have not taken this quiz